000 00416nam a22001457a 4500
020 _a9780071147170
040 _cNust
082 _a620.11
_bSMI'P
100 _aWilliam F. SMITH
_952829
245 _aPrinciples of material science and engineering
250 _a3rd Edition
260 _aNew York:
_bMcGraw -Hill,
_c1996.
650 _aPrinciples of material science and engineering
_9126156
942 _2ddc
_cBK
999 _c612190
_d612190